00382cam a2200145ua 45000010005000000080039000050400009000440820008000531000026000612450050000872500009001372600042001463000016001886530032002045032120301n ii |||gr||||Z||||||eng cMAIN a813 aTwain, Mark,eAuthor,11aAdventures of Huckleberry Finncby Mark Twain a1st. aTinsukia:bMitra Agency & co.,c2002. a64p:c23cm. aAmerican fiction in English